00555nam a22001697a 450000500170000001000140001702000260003103500130005703700130007008200140008310000190009724501160011626000390023227000560027130000340032750000240036120100730135136.0 aENG-97168 a9788184245318c600.00 aEN-80701 bDBAD/PUB a631.30954 aSingh, Sukhpal aAgricultural machinery industry in India:bgrowth, structure, marketing and buyer behaviour /cby Sukhpal Singh aNew DelhibAllied Publishersc2010 a1/13-14 Asaf Ali Road, New DelhibNew Delhie110002 axiii, 217p.:bill.c24cm (Hb) aIncludes references